যুগে যুগে ঢাকার ঈদমিছিল / (Record no. 28793)
[ view plain ]
| 000 -LEADER | |
|---|---|
| fixed length control field | 00818nam a22001937a 4500 |
| 003 - CONTROL NUMBER IDENTIFIER | |
| control field | BDDh-ASL |
| 005 - DATE AND TIME OF LATEST TRANSACTION | |
| control field | 20231015030954.0 |
| 008 - FIXED-LENGTH DATA ELEMENTS--GENERAL INFORMATION | |
| fixed length control field | 220531s20072004b ||||| |||| 00| 0 b d |
| 040 ## - CATALOGING SOURCE | |
| Transcribing agency | BDDh-ASL |
| 082 ## - DEWEY DECIMAL CLASSIFICATION NUMBER | |
| Classification number | 954.922 |
| Item number | RAJ |
| 100 1# - MAIN ENTRY--PERSONAL NAME | |
| 9 (RLIN) | 6227 |
| Personal name | রফিক, রফিকুল ইসলাম |
| 245 1# - TITLE STATEMENT | |
| Title | যুগে যুগে ঢাকার ঈদমিছিল / |
| 246 ## - VARYING FORM OF TITLE | |
| Title proper/short title | Juge Juge Dhakar Eid Mesel. |
| 260 ## - PUBLICATION, DISTRIBUTION, ETC. | |
| Place of publication, distribution, etc. | ঢাকা: |
| Name of publisher, distributor, etc. | বর্ণতরু, |
| -- | রিদম প্রকাশনা সংস্থা, |
| Date of publication, distribution, etc. | ২০০৪। |
| -- | ২০০৭। |
| 300 ## - PHYSICAL DESCRIPTION | |
| Extent | ৯৬ পৃষ্ঠা: |
| -- | ১১২ পৃষ্ঠা: |
| Dimensions | ২২ সে.মি. |
| 650 #0 - SUBJECT ADDED ENTRY--TOPICAL TERM | |
| 9 (RLIN) | 6126 |
| Topical term or geographic name entry element | History of Dhaka (ঢাকার ইতিহাস) |
| 650 #0 - SUBJECT ADDED ENTRY--TOPICAL TERM | |
| 9 (RLIN) | 6267 |
| Topical term or geographic name entry element | Eidmisel (ঈদমিছিল) |
| 942 ## - ADDED ENTRY ELEMENTS (KOHA) | |
| Source of classification or shelving scheme | Dewey Decimal Classification |
| Koha item type | Books |
| Withdrawn status | Lost status | Source of classification or shelving scheme | Damaged status | Not for loan | Collection code | Home library | Current library | Shelving location | Date acquired | Source of acquisition | Total Checkouts | Full call number | Barcode | Date last seen | Copy number | Price effective from | Koha item type |
|---|---|---|---|---|---|---|---|---|---|---|---|---|---|---|---|---|---|
| Dewey Decimal Classification | Non-fiction | Asiatic Society Library | Asiatic Society Library | Dhaka Collection | 05/31/2022 | ASB Library Collection | 954.922 RAJ | 116870 | 05/31/2022 | C-1 | 05/31/2022 | Books | |||||
| Dewey Decimal Classification | Non-fiction | Asiatic Society Library | Asiatic Society Library | Dhaka Collection | 05/31/2022 | Donated by Prof. (Dr.) M. Abdul Qayyum & Dr. Razia Sultana | 954.922 RAJ | 116871 | 05/31/2022 | C-2 | 05/31/2022 | Books | |||||
| Dewey Decimal Classification | Non-fiction | Asiatic Society Library | Asiatic Society Library | Wakil Ahmed Collection | 03/06/2023 | Donated by Prof. Wakil Ahmed | 954.922 RAJ | 119384 | 03/06/2023 | C-3 | 03/06/2023 | Books |